| 000 | 00566nam a2200181 i 4500 | ||
|---|---|---|---|
| 001 | bg | ||
| 245 | 0 | 0 |
_aFoksal : _bkonkurs architektoniczny na koncepcję zagospodarowania kwartału "Foksal" 2001-2002. |
| 260 |
_aWarszawa : _bGmina Warszawa-Centrum, _c2002. |
||
| 300 |
_a144 s. : _bil. ; _c27 cm. |
||
| 500 | _aEdycja limitowana, egz. o numerze 000352. | ||
| 650 | 9 |
_aArchitektura polska _xprojekty _yod 1989 r. |
|
| 655 | _aKatalogi | ||
| 040 | _cBPK | ||
| 041 | 0 | _apl | |
| 080 | _a72(438 Warszawa) | ||
| 942 | _cKS | ||
| 008 | s pl f |000 0 pol | ||
| 999 |
_c42797 _d42797 |
||
| 856 |
_uhttp://koha.tu.koszalin.pl/cgi-bin/koha/opac-detail.pl?biblionumber=42797 _yKatalog online BPK |
||